| 000 | 00519nam a2200193Ia 4500 | ||
|---|---|---|---|
| 005 | 20250508163332.0 | ||
| 008 | 008 250505s9999 xx 000 0 eng d | ||
| 020 | _a0-19-437073-9 | ||
| 037 | _aTextual | ||
| 040 |
_aFEDL _beng _cFEDL |
||
| 041 |
_aeng _2eng |
||
| 084 |
_a418, COR _qFEDL |
||
| 100 |
_aCorder S P _991149 |
||
| 245 | 0 | _aError analysis and interlanguage | |
| 260 |
_aOxford _bOxford University Press _c1985 |
||
| 300 | _a119p. | ||
| 942 |
_cTEXL _h418, COR |
||
| 999 |
_c1382387 _d1382387 |
||